Miestne poplatky

Úplné znenie zákona č. 544/1990 Zb. o miestnych poplatkoch. Charakteristika miestnych poplatkov.

Na minha lista:
Detalhes bibliográficos
Autor principal: Krkanová, Katarína
Formato: Capítulo de Livro
Idioma:eslovaco
Assuntos:
Tags: Adicionar Tag
Sem tags, seja o primeiro a adicionar uma tag!

MARC

LEADER 00000naa a2200000 4500
001 r042187
005 20230919115817.5
041 0 |a slo 
044 |a SK 
245 1 0 |a Miestne poplatky  |c Katarína Krkanová 
520 |a Úplné znenie zákona č. 544/1990 Zb. o miestnych poplatkoch. Charakteristika miestnych poplatkov. 
610 2 0 |a poplatky miestne 
610 2 0 |a obce 
610 2 0 |a sadzby daňové 
610 2 0 |a reklama 
610 2 0 |a zákony 
610 2 0 |a Slovensko 
100 1 |a Krkanová, Katarína